000 00367nam a2200145Ia 4500
008 230917s9999||||xx |||||||||||||| ||und||
040 _e206536
_aMAIN
041 _aEnglish
082 _a300.72 D415D
100 _aDenicolo, Pam
245 0 _aDeveloping research proposals
260 _aNew Delhi
_bSage Publications
_c2012
300 _axvii, 134 p.
942 _cBK
999 _c176203
_d176203